000
00251nam a2200097Ia 4500
001
921702
005
20250826191430.0
008
250824s9999 xx 000 0 und d
245
0
_a
ARSEN LUPEN KİBAR HIRSIZ
_c
MAURICE LEBLANC
260
_b
ANONİM YAYINLARI
999
_c
921702
_d
921702